Rozpoznaj znane Barbary - Statystyki

Ogólne statystyki
  • Ten quiz został rozwiązany 69 razy
  • Średni wynik to 4 z 10
Statystyki odpowiedzi
Obrazkowy Odpowiedź % Poprawnych
Barbara Kurdej-Szatan
97%
Barbara Trzetrzelewska (Basia)
63%
mąka Basia
45%
Barbara Brylska
42%
Barbara Mularczyk
36%
Barbara Nowacka
25%
Barbara Krafft
20%
Barbara Wrzesińska
11%
Barbara Horawianka
8%
Barbara Wachowicz
8%
Nie znaleziono quizów pasujących do podanych kryteriów
Rozkład punktacji
Procent ludzi z każdym wynikiem
Percentyl według liczby udzielonych odpowiedzi
Twoja historia wyników
Nie rozwiązałeś tego quizu